[Event "POL-chT 2nd League"]
[Site "Jastrzebia Gora"]
[Date "2022.09.07"]
[Round "5.10"]
[White "Wacior, Maciej"]
[Black "Golda, Sebastian"]
[Result "1-0"]
[WhiteElo "2151"]
[BlackElo "2105"]
[PlyCount "91"]
[EventDate "2022.09.03"]
[EventType "team-swiss"]
[EventRounds "9"]
[EventCountry "POL"]
[SourceTitle "CBM 210 Extra"]
[Source "ChessBase"]
[SourceDate "2022.11.30"]
[SourceVersion "1"]
[SourceVersionDate "2022.11.30"]
[SourceQuality "1"]
[WhiteTeam "Grzybowo GKSz Solny"]
[BlackTeam "Krakow KKSz"]
[WhiteTeamCountry "POL"]
[BlackTeamCountry "POL"]

1. d4 c5 2. d5 Nf6 3. Nc3 d6 4. e4 g6 5. Nf3 Bg7 6. Bb5+ Nbd7 7. a4 0-0 8. h3 a6 9. Bd3 Rb8 10. Qe2 e6 11. dxe6 fxe6 12. 0-0 Nh5 13. Bg5 Qe8 14. Qd2 Ne5 15. Be2 Nxf3+ 16. Bxf3 Rxf3 17. gxf3 Qf8 18. Kg2 h6 19. Be3 g5 20. Rad1 Be5 21. Ne2 Bd7 22. Bxc5 dxc5 23. Qxd7 Qf6 24. b3 Rf8 25. Rd3 Rf7 26. Qd8+ Kg7 27. Qxf6+ Kxf6 28. Rfd1 b5 29. Rd7 Re7 30. h4 gxh4 31. Kh3 Nf4+ 32. Nxf4 Bxf4 33. Kxh4 Be5 34. Kg4 Bd4 35. Rxe7 Kxe7 36. axb5 axb5 37. Rh1 Bxf2 38. Rxh6 Bd4 39. f4 b4 40. f5 exf5+ 41. Kxf5 Kd7 42. e5 Bc3 43. e6+ Kd6 44. Rh7 Bd4 45. Rd7+ Kc6 46. Rxd4 1-0

[Event "POL-chT 2nd League"]
[Site "Jastrzebia Gora"]
[Date "2022.09.05"]
[Round "3.51"]
[White "Wacior, Maciej"]
[Black "Kaznowska, Weronika"]
[Result "1-0"]
[WhiteElo "2151"]
[BlackElo "1535"]
[PlyCount "61"]
[EventDate "2022.09.03"]
[EventType "team-swiss"]
[EventRounds "9"]
[EventCountry "POL"]
[SourceTitle "CBM 210 Extra"]
[Source "ChessBase"]
[SourceDate "2022.11.30"]
[SourceVersion "1"]
[SourceVersionDate "2022.11.30"]
[SourceQuality "1"]
[WhiteTeam "Grzybowo GKSz Solny"]
[BlackTeam "Olsztyn Trzydziestka"]
[WhiteTeamCountry "POL"]
[BlackTeamCountry "POL"]

1. d4 f5 2. Bf4 e6 3. e3 Nf6 4. Nf3 Be7 5. h3 b6 6. Bd3 Bb7 7. Nbd2 0-0 8. c3 Nc6 9. Qe2 Nd5 10. Bh2 Bf6 11. g4 g6 12. 0-0-0 Nce7 13. Rdg1 a5 14. gxf5 exf5 15. h4 a4 16. a3 Bg7 17. h5 d6 18. hxg6 hxg6 19. Bc4 c6 20. Nh4 Rf6 21. f3 b5 22. Ba2 Kf8 23. e4 fxe4 24. fxe4 Nf4 25. Bxf4 Rxf4 26. Rf1 g5 27. Rxf4+ gxf4 28. Rf1 Ke8 29. Be6 b4 30. Qh5+ Kf8 31. Qf7# 1-0

[Event "Rubinstein Memorial op-A 57th"]
[Site "Polanica Zdroj"]
[Date "2021.08.21"]
[Round "8"]
[White "Wacior, Maciej"]
[Black "Zochowski, Kacper"]
[Result "1/2-1/2"]
[WhiteElo "2134"]
[BlackElo "2254"]
[PlyCount "72"]
[EventDate "2021.08.14"]
[EventType "swiss"]
[EventRounds "9"]
[EventCountry "POL"]
[SourceTitle "CBM 203 Extra"]
[Source "ChessBase"]
[SourceDate "2021.09.30"]
[SourceVersion "1"]
[SourceVersionDate "2021.09.30"]
[SourceQuality "1"]

1. d4 Nf6 2. Bf4 c5 3. e3 Nd5 4. Bg3 Qb6 5. c4 Nf6 6. Qb3 cxd4 7. Qxb6 axb6 8. Bxb8 Rxb8 9. exd4 d6 10. Nc3 Bd7 11. Nf3 g6 12. Be2 Bg7 13. 0-0 0-0 14. a4 Ra8 15. Ra3 Be6 16. Re1 Rfc8 17. Nd2 Bh6 18. Ncb1 d5 19. b3 Rd8 20. c5 bxc5 21. dxc5 Bd7 22. Bf3 Rdc8 23. b4 Bxa4 24. Rxe7 Bc6 25. Nb3 Rxa3 26. Nxa3 Ra8 27. Nc2 Bf8 28. Re1 Ra2 29. Ncd4 Rb2 30. g3 Ne4 31. Na5 Rxb4 32. Naxc6 bxc6 33. Nxc6 Rc4 34. Ne5 Rxc5 35. Bxe4 dxe4 36. Rxe4 Rc1+ 1/2-1/2

[Event "Rubinstein Memorial op-A 57th"]
[Site "Polanica Zdroj"]
[Date "2021.08.20"]
[Round "7"]
[White "Kowalczyk, Wojciech"]
[Black "Wacior, Maciej"]
[Result "0-1"]
[WhiteElo "1959"]
[BlackElo "2134"]
[PlyCount "96"]
[EventDate "2021.08.14"]
[EventType "swiss"]
[EventRounds "9"]
[EventCountry "POL"]
[SourceTitle "CBM 203 Extra"]
[Source "ChessBase"]
[SourceDate "2021.09.30"]
[SourceVersion "1"]
[SourceVersionDate "2021.09.30"]
[SourceQuality "1"]

1. e4 c6 2. Nc3 d5 3. Nf3 Bg4 4. h3 Bxf3 5. Qxf3 e6 6. Be2 d4 7. Nb1 Nd7 8. d3 Bd6 9. Bd1 Ngf6 10. 0-0 Qa5 11. Nd2 Bc7 12. Nc4 Qc5 13. a4 Ne5 14. Nxe5 Qxe5 15. g3 g5 16. c3 0-0-0 17. cxd4 Rxd4 18. Qe3 Rhd8 19. Bc2 h6 20. Qe2 Bb6 21. Be3 Rb4 22. Bxb6 Rxb6 23. a5 Rxb2 24. a6 b6 25. Rfb1 Nd7 26. Rxb2 Qxb2 27. Rb1 Qc3 28. Rb3 Qa1+ 29. Rb1 Qxa6 30. Qd1 Ne5 31. Ra1 Qb7 32. f4 gxf4 33. gxf4 Rg8+ 34. Kh2 Ng6 35. Qg1 Qc7 36. e5 Kb8 37. d4 Qd8 38. Qf2 Qh4 39. Qxh4 Nxh4 40. Be4 Nf5 41. Bxf5 exf5 42. Rc1 Kb7 43. Rc4 b5 44. Rc2 Kb6 45. Rd2 a5 46. d5 cxd5 47. Rxd5 b4 48. Rd7 b3 0-1

[Event "Rubinstein Memorial op-A 57th"]
[Site "Polanica Zdroj"]
[Date "2021.08.14"]
[Round "1"]
[White "Smietanska, Wiktoria"]
[Black "Wacior, Maciej"]
[Result "0-1"]
[WhiteElo "1809"]
[BlackElo "2134"]
[PlyCount "128"]
[EventDate "2021.08.14"]
[EventType "swiss"]
[EventRounds "9"]
[EventCountry "POL"]
[SourceTitle "CBM 203 Extra"]
[Source "ChessBase"]
[SourceDate "2021.09.30"]
[SourceVersion "1"]
[SourceVersionDate "2021.09.30"]
[SourceQuality "1"]

1. e4 c6 2. d4 d5 3. Nd2 dxe4 4. Nxe4 Bf5 5. Ng3 Bg6 6. c3 e6 7. Nh3 Nf6 8. Nf4 Bd6 9. h4 Qc7 10. Qf3 Nbd7 11. h5 Bf5 12. Nxf5 exf5 13. Bd3 0-0-0 14. Bxf5 Rhe8+ 15. Ne2 Re7 16. 0-0 Rde8 17. Bd3 Qa5 18. h6 g6 19. b4 Qd5 20. Qxd5 Nxd5 21. Ng3 Nxc3 22. a3 Nd5 23. Bg5 f6 24. Bd2 Bf4 25. Bxf4 Nxf4 26. Bc4 Nb6 27. Bb3 f5 28. Rfd1 Nfd5 29. Rac1 Kd7 30. Nf1 g5 31. Ng3 f4 32. Nf5 Re2 33. Ng7 Rf8 34. Kf1 Re7 35. Bc2 Rf6 36. Bf5+ Kd8 37. Re1 Rxh6 38. Ne6+ Ke8 39. Bh3 Rg6 40. Bf5 Rh6 41. Bh3 Rg6 42. Bf5 Rf6 43. Bg4 h6 44. Re2 Ne3+ 45. fxe3 fxe3+ 46. Ke1 Rexe6 47. Bxe6 Rxe6 48. b5 Kd7 49. bxc6+ bxc6 50. Rb2 Kd6 51. Rbc2 Kd7 52. Rc5 Nd5 53. g3 h5 54. Ra5 h4 55. Rxa7+ Kd6 56. gxh4 Nf4 57. Rc3 e2 58. Rxc6+ Kxc6 59. Ra6+ Kd5 60. Rxe6 Kxe6 61. hxg5 Kf5 62. a4 Ke4 63. Kf2 Kd3 64. g6 Nxg6 0-1

[Event "POL-chT 1st League"]
[Site "Dzwirzyno"]
[Date "2019.09.08"]
[Round "2.3"]
[White "Wacior, Maciej"]
[Black "Plichta, Kamil"]
[Result "0-1"]
[WhiteElo "2116"]
[BlackElo "2349"]
[PlyCount "80"]
[EventDate "2019.09.07"]
[EventType "team-tourn"]
[EventRounds "9"]
[EventCountry "POL"]
[SourceTitle "EXT 2020"]
[Source "ChessBase"]
[SourceDate "2019.10.17"]
[SourceVersion "1"]
[SourceVersionDate "2019.10.17"]
[SourceQuality "1"]
[WhiteTeam "Grzybowo GKSz Solny"]
[BlackTeam "Gostynin Gostmat 83"]
[WhiteTeamCountry "POL"]
[BlackTeamCountry "POL"]

1. d4 Nf6 2. Nf3 d6 3. Bf4 Nh5 4. Bd2 g6 5. e3 Bg7 6. Be2 0-0 7. 0-0 Nf6 8. c4 Nbd7 9. Bc3 Ne4 10. Nfd2 Nxc3 11. Nxc3 e5 12. Nb3 exd4 13. exd4 c6 14. Re1 Nf6 15. Bf3 Bf5 16. Qd2 Qd7 17. h3 h5 18. a4 Kh7 19. a5 Bh6 20. Qd1 a6 21. Na4 Rae8 22. Nb6 Qd8 23. Nd2 Rxe1+ 24. Qxe1 Re8 25. Qd1 Nd7 26. Nxd7 Bxd7 27. Ne4 Bf5 28. Ng3 Qf6 29. Qb3 Re7 30. Rd1 h4 31. Nxf5 Qxf5 32. Qb4 Bf4 33. Qc3 c5 34. b4 Qf6 35. bxc5 dxc5 36. Qb3 cxd4 37. Bxb7 d3 38. Bf3 d2 39. Qb4 Qd6 40. c5 Qd4 0-1

[Event "POL-chT 2nd League"]
[Site "Jastrzebia Gora"]
[Date "2018.09.06"]
[Round "7.1"]
[White "Wacior, Maciej"]
[Black "Jedryczka, Krystian"]
[Result "1/2-1/2"]
[WhiteElo "2099"]
[BlackElo "2201"]
[PlyCount "138"]
[EventDate "2018.09.01"]
[EventType "team-swiss"]
[EventRounds "9"]
[EventCountry "POL"]
[SourceTitle "CBM 186 Extra"]
[Source "ChessBase"]
[SourceDate "2018.08.24"]
[SourceVersion "1"]
[SourceVersionDate "2018.08.24"]
[SourceQuality "1"]
[WhiteTeam "Grzybowo GKSz Solny"]
[BlackTeam "Plock Hetman"]
[WhiteTeamCountry "POL"]
[BlackTeamCountry "POL"]

1. d4 f5 2. Bf4 Nf6 3. e3 g6 4. h4 h6 5. Nf3 d6 6. Bd3 Bg7 7. c3 Nc6 8. Qc2 0-0 9. Nbd2 Qe8 10. 0-0-0 e5 11. Bc4+ Kh7 12. Bg3 Nh5 13. Bh2 Qe7 14. d5 Nb8 15. Be2 Nd7 16. Ne1 Ndf6 17. c4 c6 18. dxc6 bxc6 19. Nd3 c5 20. Nb1 Bb7 21. Ne1 Ng4 22. Bg1 e4 23. Nc3 Nhf6 24. Qd2 Rfd8 25. f3 Ne5 26. Bh2 d5 27. cxd5 Nxd5 28. Nxd5 Bxd5 29. Qa5 Nc6 30. Qa3 Nb4 31. Nc2 Nxa2+ 32. Kb1 Nb4 33. h5 g5 34. Nxb4 cxb4 35. Qa6 Be6 36. fxe4 fxe4 37. Rhf1 Rxd1+ 38. Bxd1 Rd8 39. Bc2 Bd5 40. Qb5 b3 41. Bxb3 Bxb3 42. Qxb3 Rd2 43. Rf7 Rxb2+ 44. Qxb2 Qxf7 45. Be5 Qf1+ 46. Ka2 Qc4+ 47. Kb1 Qf1+ 48. Ka2 Bxe5 49. Qxe5 Qxg2+ 50. Ka3 Qf3 51. Qe7+ Kg8 52. Qe6+ Qf7 53. Qxe4 Qxh5 54. Qa8+ Kg7 55. Qxa7+ Qf7 56. Qd4+ Qf6 57. Qd7+ Kf8 58. Qc8+ Kf7 59. Qc4+ Qe6 60. Qd3 g4 61. Qh7+ Ke8 62. Kb2 Qf6+ 63. Kc1 Qg5 64. Qh8+ Kf7 65. Qh7+ Kf6 66. Kd2 g3 67. Qh8+ Kf5 68. Qc8+ Ke4 69. Qc4+ Kf5 1/2-1/2

[Event "POL-chT 2nd League"]
[Site "Jastrzebia Gora"]
[Date "2018.09.02"]
[Round "2.5"]
[White "Niemier, Hubert"]
[Black "Wacior, Maciej"]
[Result "1/2-1/2"]
[WhiteElo "1838"]
[BlackElo "2099"]
[PlyCount "65"]
[EventDate "2018.09.01"]
[EventType "team-swiss"]
[EventRounds "9"]
[EventCountry "POL"]
[SourceTitle "CBM 186 Extra"]
[Source "ChessBase"]
[SourceDate "2018.08.24"]
[SourceVersion "1"]
[SourceVersionDate "2018.08.24"]
[SourceQuality "1"]
[WhiteTeam "Zakrzewo Korona"]
[BlackTeam "Grzybowo GKSz Solny"]
[WhiteTeamCountry "POL"]
[BlackTeamCountry "POL"]

1. d4 d5 2. c4 e6 3. Nc3 c6 4. Nf3 Nf6 5. Bg5 h6 6. Bh4 dxc4 7. a4 Bb4 8. Qc2 b5 9. Bxf6 Qxf6 10. axb5 Bb7 11. bxc6 Nxc6 12. e3 0-0 13. Bxc4 Na5 14. Be2 Bd5 15. 0-0 Rfc8 16. Qa4 Bxc3 17. bxc3 Nb3 18. Ra3 Rxc3 19. Bd1 Qg6 20. e4 Qxe4 21. Bxb3 Bc6 22. Qb4 Rxf3 23. Bd5 Bxd5 24. Rxf3 a5 25. Qe7 Rf8 26. Qa7 h5 27. Qxa5 h4 28. Qd2 Qg6 29. Qf4 Bxf3 30. Qxf3 Rd8 31. Rd1 Rd5 32. h3 f5 33. Qf4 1/2-1/2

[Event "Lazy Baltic Pearl op 14th"]
[Site "Lazy"]
[Date "2018.06.30"]
[Round "7"]
[White "Krainski, Slawomir"]
[Black "Wacior, Maciej"]
[Result "1/2-1/2"]
[WhiteElo "2136"]
[BlackElo "2110"]
[PlyCount "50"]
[EventDate "2018.06.24"]
[EventType "swiss"]
[EventRounds "9"]
[EventCountry "POL"]
[SourceTitle "CBM 185 Extra"]
[Source "ChessBase"]
[SourceDate "2018.07.29"]
[SourceVersion "1"]
[SourceVersionDate "2018.07.29"]
[SourceQuality "1"]

1. Nf3 Nf6 2. c4 e6 3. g3 d5 4. Bg2 c6 5. b3 Be7 6. 0-0 Nbd7 7. Bb2 b6 8. cxd5 cxd5 9. d3 Bb7 10. Nbd2 0-0 11. Rc1 Rc8 12. Rxc8 Qxc8 13. Qa1 Qa8 14. Ne5 Nxe5 15. Bxe5 Rc8 16. Nf3 Ne8 17. Bh3 Bf6 18. Bxf6 Nxf6 19. Nd4 Rc7 20. Rc1 Qc8 21. Rxc7 Qxc7 22. Qb2 a6 23. Qd2 h6 24. Qe3 Qd6 25. Nf3 Qc5 1/2-1/2

[Event "Suwalki Warakomska Memorial-B 1st"]
[Site "Suwalki"]
[Date "2017.08.18"]
[Round "9"]
[White "Bogdanov, Ignat"]
[Black "Wacior, Maciej"]
[Result "1/2-1/2"]
[WhiteElo "2078"]
[BlackElo "1912"]
[PlyCount "51"]
[EventDate "2017.08.11"]
[EventType "swiss"]
[EventRounds "9"]
[EventCountry "POL"]
[SourceTitle "CBM 180 Extra"]
[Source "ChessBase"]
[SourceDate "2017.10.06"]
[SourceVersion "1"]
[SourceVersionDate "2017.10.06"]
[SourceQuality "1"]

1. d4 d5 2. c4 e6 3. Nc3 c6 4. Nf3 Nf6 5. Bg5 Be7 6. e3 Nbd7 7. Bd3 0-0 8. 0-0 dxc4 9. Bxc4 c5 10. Qe2 a6 11. a4 cxd4 12. Nxd4 Ne5 13. Ba2 Bd7 14. Rfd1 Qe8 15. Bb1 h6 16. Bf4 Nc6 17. Nxc6 Bxc6 18. Be5 Nd7 19. Bg3 f5 20. Ba2 Qg6 21. f3 Bc5 22. Bd6 Bxd6 23. Rxd6 Rae8 24. b4 Ne5 25. Kh1 Nf7 26. Rd2 1/2-1/2

[Event "Suwalki Warakomska Memorial-B 1st"]
[Site "Suwalki"]
[Date "2017.08.13"]
[Round "3"]
[White "Samborski, Henryk"]
[Black "Wacior, Maciej"]
[Result "0-1"]
[WhiteElo "2096"]
[BlackElo "1912"]
[PlyCount "122"]
[EventDate "2017.08.11"]
[EventType "swiss"]
[EventRounds "9"]
[EventCountry "POL"]
[SourceTitle "CBM 180 Extra"]
[Source "ChessBase"]
[SourceDate "2017.10.06"]
[SourceVersion "1"]
[SourceVersionDate "2017.10.06"]
[SourceQuality "1"]

1. Nf3 d5 2. g3 Nf6 3. Bg2 Bf5 4. 0-0 h6 5. c4 e6 6. Qb3 b6 7. Nc3 c6 8. cxd5 exd5 9. Nd4 Bh7 10. d3 Bc5 11. Be3 0-0 12. h3 Re8 13. Qc2 Bxd4 14. Bxd4 Nbd7 15. b4 Rc8 16. Qa4 c5 17. bxc5 bxc5 18. Bxf6 Nxf6 19. Qxa7 d4 20. Na4 Rxe2 21. Nxc5 Re7 22. Nb7 Bxd3 23. Rfd1 Rc3 24. Rxd3 Rxd3 25. Qa6 Rxb7 26. Qxd3 Re7 27. Qc4 d3 28. Rd1 d2 29. Qc2 Rd7 30. Bf1 Rd4 31. Bg2 Qa5 32. Bf3 Nh7 33. h4 Nf8 34. Rb1 Rd8 35. Kg2 Ne6 36. Rb7 d1Q 37. Bxd1 Qd5+ 38. Bf3 Qxf3+ 39. Kxf3 Nd4+ 40. Ke4 Nxc2 41. Rc7 Re8+ 42. Kf4 Re2 43. f3 Nb4 44. Rc8+ Kh7 45. a4 Ra2 46. Ra8 Nd5+ 47. Ke5 Nb6 48. Ra6 Nxa4 49. g4 Nc3 50. Rc6 Ne2 51. h5 Ra5+ 52. Ke4 f5+ 53. Ke3 Re5+ 54. Kf2 Nd4 55. Rd6 Nb5 56. Rb6 Nc3 57. Rc6 Nd1+ 58. Kg3 fxg4 59. fxg4 Rg5 60. Kf3 Nb2 61. Rc3 Na4 0-1

[Event "POL-chT 2nd League"]
[Site "Jastrzebia Gora"]
[Date "2016.09.08"]
[Round "6.65"]
[White "Faron, Rafal"]
[Black "Wacior, Maciej"]
[Result "1-0"]
[WhiteElo "2062"]
[BlackElo "1986"]
[PlyCount "31"]
[EventDate "2016.09.03"]
[EventType "team-swiss"]
[EventRounds "9"]
[EventCountry "POL"]
[SourceTitle "EXT 2017"]
[Source "ChessBase"]
[SourceDate "2016.10.25"]
[SourceVersion "1"]
[SourceVersionDate "2016.10.25"]
[SourceQuality "1"]
[WhiteTeam "Podlesie UKS 21"]
[BlackTeam "Grzybowo GKSz Solny"]
[WhiteTeamCountry "POL"]
[BlackTeamCountry "POL"]

1. d4 d5 2. c4 e6 3. Nf3 c6 4. e3 Nf6 5. Bd3 Be7 6. 0-0 0-0 7. Nc3 Nbd7 8. e4 dxe4 9. Nxe4 c5 10. Nxc5 Nxc5 11. dxc5 Bxc5 12. b3 b6 13. Bb2 Bb7 14. Ng5 g6 15. Bc2 Nh5 16. Qxh5 1-0

[Event "Police Gniota Memorial 31st"]
[Site "Police"]
[Date "2016.07.12"]
[Round "7"]
[White "Wacior, Maciej"]
[Black "Poltorzycki, Dzemil"]
[Result "0-1"]
[WhiteElo "1931"]
[BlackElo "1928"]
[PlyCount "100"]
[EventDate "2016.07.06"]
[EventType "swiss"]
[EventRounds "9"]
[EventCountry "POL"]
[SourceTitle "EXT 2017"]
[Source "ChessBase"]
[SourceDate "2016.10.25"]
[SourceVersion "1"]
[SourceVersionDate "2016.10.25"]
[SourceQuality "1"]

1. d4 g6 2. Nf3 Bg7 3. Bf4 d6 4. e3 Nd7 5. c3 Nh6 6. h3 e5 7. Bh2 0-0 8. Bc4 Nb6 9. Bb3 Qe7 10. a4 a5 11. Na3 Kh8 12. 0-0 f5 13. Rc1 Nf7 14. Nc4 Nxc4 15. Bxc4 c6 16. dxe5 dxe5 17. Qb3 Ng5 18. Nxg5 Qxg5 19. f4 Qe7 20. Rcd1 e4 21. Bg3 Qc5 22. Rfe1 b5 23. axb5 a4 24. Qb4 Qxb4 25. cxb4 cxb5 26. Bxb5 Bxb2 27. Re2 a3 28. Bc4 Ra4 29. Be1 Ba6 30. Rxb2 Bxc4 31. Bc3+ Kg8 32. Rd7 Bf7 33. Rb1 a2 34. Ra1 Rc8 35. Bd4 Rxb4 36. Rxf7 Kxf7 37. Rxa2 Rbc4 38. Kh2 Rc2 39. Ra7+ R8c7 40. Ra8 Re2 41. Ra7 Rxa7 42. Bxa7 Ke6 43. Kg1 Kd5 44. Kf1 Ra2 45. Bd4 Kc4 46. Bb6 Kd3 47. h4 Re2 48. g4 Rxe3 49. Bxe3 Kxe3 50. h5 Kxf4 0-1

[Event "Police Gniota Memorial 31st"]
[Site "Police"]
[Date "2016.07.08"]
[Round "3"]
[White "Czuchnicki, Adam"]
[Black "Wacior, Maciej"]
[Result "1-0"]
[WhiteElo "2034"]
[BlackElo "1931"]
[PlyCount "57"]
[EventDate "2016.07.06"]
[EventType "swiss"]
[EventRounds "9"]
[EventCountry "POL"]
[SourceTitle "EXT 2017"]
[Source "ChessBase"]
[SourceDate "2016.10.25"]
[SourceVersion "1"]
[SourceVersionDate "2016.10.25"]
[SourceQuality "1"]

1. d4 d5 2. c4 e6 3. Nf3 c6 4. g3 Nf6 5. Bg2 Be7 6. 0-0 0-0 7. Qc2 b6 8. Nbd2 Bb7 9. e4 c5 10. cxd5 exd5 11. e5 Ne4 12. dxc5 Ba6 13. Nxe4 Bxf1 14. Neg5 g6 15. Bxf1 bxc5 16. h4 Nc6 17. Bf4 Qb6 18. Rd1 Rab8 19. Rd2 Bxg5 20. Bxg5 Rfe8 21. h5 Nb4 22. Qb1 Qe6 23. Bf6 d4 24. Ng5 Qxa2 25. Qxa2 Nxa2 26. Bc4 Nb4 27. Bxf7+ Kf8 28. e6 Rxe6 29. Bxe6 1-0

[Event "Lazy Baltic Pearl op 12th"]
[Site "Lazy"]
[Date "2016.07.04"]
[Round "8"]
[White "Antolak, Julia"]
[Black "Wacior, Maciej"]
[Result "1/2-1/2"]
[WhiteElo "2073"]
[BlackElo "2037"]
[PlyCount "66"]
[EventDate "2016.06.26"]
[EventType "swiss"]
[EventRounds "9"]
[EventCountry "POL"]
[SourceTitle "CBM 173 Extra"]
[Source "ChessBase"]
[SourceDate "2016.08.29"]
[SourceVersion "1"]
[SourceVersionDate "2016.08.29"]
[SourceQuality "1"]

1. e4 c6 2. d4 d5 3. Nc3 dxe4 4. Nxe4 Bf5 5. Ng3 Bg6 6. h4 h6 7. Nf3 Nd7 8. h5 Bh7 9. Bd3 Bxd3 10. Qxd3 Ngf6 11. Bd2 Qc7 12. 0-0-0 0-0-0 13. Ne4 e6 14. Kb1 Nc5 15. Nxc5 Bxc5 16. g3 Kb8 17. Qe2 Bd6 18. c4 c5 19. dxc5 Qxc5 20. Be3 Qf5+ 21. Ka1 Bc7 22. Nd4 Qa5 23. Rd3 Kc8 24. Ra3 Qe5 25. Rxa7 Rxd4 26. Ra8+ Bb8 27. Rxb8+ Qxb8 28. Bxd4 Rd8 29. Bc3 Qc7 30. Qe3 Qc6 31. f3 Nxh5 32. g4 Nf6 33. a3 Nxg4 1/2-1/2

[Event "Lazy Baltic Pearl op 12th"]
[Site "Lazy"]
[Date "2016.07.02"]
[Round "7"]
[White "Wacior, Maciej"]
[Black "Garbowski, Jakub"]
[Result "1/2-1/2"]
[WhiteElo "2037"]
[BlackElo "2102"]
[PlyCount "129"]
[EventDate "2016.06.26"]
[EventType "swiss"]
[EventRounds "9"]
[EventCountry "POL"]
[SourceTitle "CBM 173 Extra"]
[Source "ChessBase"]
[SourceDate "2016.08.29"]
[SourceVersion "1"]
[SourceVersionDate "2016.08.29"]
[SourceQuality "1"]

1. d4 Nf6 2. Nf3 g6 3. Bf4 Bg7 4. e3 d6 5. h3 c5 6. c3 b6 7. Be2 0-0 8. 0-0 Nbd7 9. Bh2 Bb7 10. a4 a6 11. Nbd2 Ra7 12. b4 Qa8 13. Qb3 Ne4 14. Nxe4 Bxe4 15. Rfd1 Rc8 16. dxc5 bxc5 17. Ng5 d5 18. Nxe4 dxe4 19. Bc4 e6 20. Bxe6 fxe6 21. Qxe6+ Kh8 22. Rxd7 Rxd7 23. Qxd7 cxb4 24. Qe7 Qd5 25. Qxb4 Bxc3 26. Qa3 Bxa1 27. Qxa1+ Kg8 28. Bg3 Kf7 29. Qb1 g5 30. Qb6 Qc6 31. Qb3+ Kg6 32. h4 h6 33. h5+ Kxh5 34. Qf7+ Qg6 35. Qd7 Qe8 36. Qf5 Rc6 37. Be5 Qe6 38. Qxe4 Rc4 39. Qf3+ g4 40. Qg3 Kg6 41. Bd4 Rxa4 42. Qc7 Rxd4 43. exd4 Qe1+ 44. Kh2 Qxf2 45. Qc6+ Kg5 46. Qc5+ Qf5 47. Qe7+ Kf4 48. Qd6+ Ke3 49. Qe5+ Qe4 50. Qg3+ Kxd4 51. Qd6+ Ke3 52. Qxa6 Qf4+ 53. Kh1 Kf2 54. Qa2+ Kg3 55. Qa3+ Kh4 56. Qe7+ Kh5 57. Qe8+ Kg5 58. Qe7+ Qf6 59. Qe3+ Kh5 60. Qe8+ Kh4 61. Qe1+ g3 62. Qe4+ Kg5 63. Qe3+ Qf4 64. Qe7+ Kf5 65. Qf7+ 1/2-1/2